| 000 | 00443nam a22001337a 4500 | ||
|---|---|---|---|
| 040 | _cNUST | ||
| 082 | _a200 THE | ||
| 100 |
_aAzeem Ahmed, _9114015 |
||
| 110 | _aSupervisor DR USMAN ALI | ||
| 245 | _aTH-SOF-2173-Three Phase Motor drive with Photovoltaic Source using Multilevel Three Phase Inverter with Maximum Power Point Tracking | ||
| 260 |
_aISLAMABAD _bNUST COLLEGE OF EME _c2023 |
||
| 650 |
_aMS-ELECT-23 _9114016 |
||
| 942 |
_2ddc _cTHE |
||
| 999 |
_c595417 _d595417 |
||